Introductory statistics

Bibliographic Details
Main Author: Mann, Prem S.
Format: Book
Published: New Jersey : John Wiley & Sons, Inc , 2004
Edition:5th ed
Subjects:

MARC

LEADER 00000cam a2200000 7i4500
001 0000075813
005 20040517.0
020 |a 0471448079 
090 0 0 |a 519.5   |b MAN 
100 1 |a Mann, Prem S. 
245 1 0 |a Introductory statistics   |c Prem S. Mann 
250 |a 5th ed 
260 |a New Jersey :   |b John Wiley & Sons, Inc ,   |c 2004 
300 |a 707p. ;   |c 26cm. 
650 0 0 |a Statistics 
999 |a 00167304   |b BUKU   |c RUJUKAN   |e PERPUSTAKAAN KOMUNITI PETALING JAYA